000 00324nam a22001457a 4500
008 221124b ||||| |||| 00| 0 eng d
020 _a9781890871086
041 _aeng
080 _a159.9
082 _a159.9 COR
100 _a25
101 _aPSI
245 _aPHYSICAL FITNESS&ACTIVITY
_cCORBIN B.CH
942 _2udc
_cBK
999 _c59026
_d59026